000 00791cam a22002291 4500
001 he 68002202
003 DLC
005 20260227111501.0
008 840521s1946 is 000 0 heb
010 _ahe 68002202
035 _a(OCoLC)19154220
040 _aDLC
_cMH
_dCU
_dDLC
042 _apremarc
050 0 0 _aPJ5050
_b.M5 1945
130 0 _aBook of Sindbad.
_lHebrew
245 1 0 _aMishle Sendabar :
_bsipur mezimat eshet melekh Hodu ṿe-ḥokhmat Sendabad ṿe-shivʻat yoʻatse ha-melekh /
_cyotse la-or be-tseruf aḥarit davar ṿe-heʻarot ʻal yede A. M. Haberman.
260 _aTel Aviv :
_bMaḥbarot le-sifrut,
_c706 [1945 or 6]
300 _a53 p. ;
_c17 cm.
700 1 _aHabermann, Abraham Meir,
_d1901-1980.
740 0 _aMishle Sindbad.
752 _aIsrael
_dTel Aviv
999 _c33527
_d33527